| 000 | 00789nac a22002051u 4500 | ||
|---|---|---|---|
| 082 |
_a603 _bWAH |
||
| 090 |
_c6302 _d6302 |
||
| 100 | _aAbd el Wahed, Anwar Ma | ||
| 245 |
_aTechnical dictionary. Radio and television _bEnglish-French-German-Arabic/ _cCompiled and revised by Anwar Mahmoud Abd-el-Wahed |
||
| 260 |
_aLeipzig; Cairo: _bAl-Ahram,1980 _c1980 |
||
| 300 |
_a111, 209p.: _bill.; _c23 cm. |
||
| 440 | _aal-maajim al Technolozhiya Al Takhasusiyah | ||
| 500 | _adistributer: Al-Ahram | ||
| 511 | _acatalogued by: wessam | ||
| 650 |
_aTechnology _xDictionaries Arabic |
||
| 650 |
_aTechnology _vDictionaries French |
||
| 650 |
_aTechnology _vDictionaries German |
||
| 942 |
_cNB _k603 WAH |
||
| 999 |
_c6302 _d6302 |
||